| 000 | 00408nam a2200157Ia 4500 | ||
|---|---|---|---|
| 008 | 230524s9999 xx 000 0 und d | ||
| 082 |
_a650 _bRAO |
||
| 100 | _aP.Subba Rao | ||
| 245 | 0 | _aEssentials of Human Resource Management And Industrial Relations | |
| 250 | _a3RD | ||
| 260 |
_aMUMBAI _bHimalaya _c2008 |
||
| 300 | _aXII;613 | ||
| 500 | _aQuantity Number: 40 | ||
| 650 | _aManagement | ||
| 942 | _cBK | ||
| 999 |
_c41080 _d41080 |
||